000 00728nam a2200205Ia 4500
003 OSt
005 20251120154800.0
008 221004b |||||||| |||| 00| 0 eng d
037 _cTB
040 _aCRL
_cCRL
_beng
041 _2eng
_aeng
084 _aT4:3(S).2 K8
_qCL
110 _aUniversity Grants Commission( India) Psychology in Indian universities Review(Committee on -- )
_9638167
245 0 _aReport:
_b Psychology in Indian universities review committee
260 _c1968
650 _aEDUCATION
_9852698
700 _aUniversity Grants Commission( India) Psychology in Indian universities Review(Committee on -- )
_9638168
942 _hT4:3:st2:N68 K8
_cTB
_2CC
_n0
999 _c1057301
_d1057301